Cities in Deserts - Sudden Death - Statistics

General Stats
  • This quiz has been taken 1,245 times
  • The average score is 7 of 20
Answers on the Grid
Answers color-coded by a green-red scale on the quiz's grid according to % correct below.
Doha
Cairo
Baghdad
Lima
Damascus
Phoenix
Muscat
Ashgabat
Bukhara
Herat
Kuwait City
Alexandria
Isfahan
Jeddah
Khartoum
Addis Ababa
Antofagasta
Luxor
Timbuktu
Manama
Jalalabad
Ankara
Buenos Aires
Athens
Dakar
Karachi
Lagos
Santiago
Honolulu
Zaragoza
 
Answer Stats
Answer % Correct
Kuwait City
52%
Cairo
50%
Doha
49%
Jeddah
48%
Baghdad
45%
Luxor
43%
Phoenix
43%
Muscat
42%
Timbuktu
41%
Khartoum
40%
Damascus
39%
Alexandria
34%
Manama
28%
Ashgabat
24%
Isfahan
21%
Herat
18%
Jalalabad
16%
Lima
16%
Bukhara
15%
Antofagasta
13%
No matching quizzes found
Score Distribution
Percent of People with Each Score
Percentile by Number Answered
Your Score History
You have not taken this quiz